000 00792cam a22002533a 4500
001 11944
003 PGUSA
005 20140828083242.0
008 040401s2004||||xxu|||||s|||||000 | eng d
040 _aPGUSA
_beng
042 _adc
050 4 _aE151
100 1 _aRoosevelt, Theodore,
_d1858-1919
245 1 4 _aThe Winning of the West, Volume 4 :
_bLouisiana and the Northwest, 1791-1807
_h[electronic resource] /
_cTheodore Roosevelt
260 _bProject Gutenberg,
_c2004
506 _aPublic domain in the USA.
516 _aElectronic text
653 _aNorthwest, Old -- History
653 _aUnited States -- Territorial expansion
653 _aWest (U.S.) -- History
830 0 _aProject Gutenberg
_v11944
856 4 0 _uhttp://www.gutenberg.org/ebooks/11944
942 _cEB
999 _c241199
_d241199